Nezamestnanosť na Slovensku v čase koronakrízy

Od marca 2020 je pojem koronavírus azda najviac používaným slovným spojením, ktorý výrazným spôsobom zasiahol do bežného fungovania každej spoločenskej oblasti. Reštriktívne opatrenia ako dôsledok pandémie ochorenia COVID‑19 spôsobeného novým koronavírusom ovplyvnili podnikanie v niektorých sektoroc...

Descrizione completa

Salvato in:
Dettagli Bibliografici
Autore principale: Staško, Martin, 1984-
Natura: Capitolo di libro
Lingua:slovacco
Soggetti:
Tags: Aggiungi Tag
Nessun Tag, puoi essere il primo ad aggiungerne!!

MARC

LEADER 00000naa$a2200000$$$4500
001 0281481
005 20260128162443.0
041 0 |a slo 
044 |a SK 
245 1 0 |a Nezamestnanosť na Slovensku v čase koronakrízy  |c Martin Staško 
520 |a Od marca 2020 je pojem koronavírus azda najviac používaným slovným spojením, ktorý výrazným spôsobom zasiahol do bežného fungovania každej spoločenskej oblasti. Reštriktívne opatrenia ako dôsledok pandémie ochorenia COVID‑19 spôsobeného novým koronavírusom ovplyvnili podnikanie v niektorých sektoroch viac, v iných naopak menej. Ani slovenský pracovný trh sa nevyhol koronakríze a prijímaným protipandemickým opatreniam. Príspevok sa venuje vývoju nezamestnanosti na Slovensku v čase koronakrízy a poukazuje na to, akým výrazným spôsobom ovplyvnila vývoj na slovenskom pracovnom trhu. 
610 2 0 |a koronakríza 
610 2 0 |a koronavírus 
610 2 0 |a pandémia 
610 2 0 |a opatrenia 
610 2 0 |a nezamestnanosť 
610 2 0 |a trh práce 
610 2 0 |a vývoj hospodársky 
610 2 0 |a Slovensko 
100 1 |a Staško, Martin, 1984-